000 00604nai a2200181Ia 4500
003 IN-BaIIA
008 211028c9999 xx s 000 0 eng d
022 _a0232-704X (Print)
022 _a1572-9060 (Online)
040 _cIIA Library
245 0 _aAnnals of Global Analysis and Geometry
_h[eJournal]
260 _aDordrecht, Netherlands
_bSpringer Netherlands
310 _aQuarterly
362 _a15(1); 1997 - Present
521 _bSubscribed through National Knowledge Resource Consortium (NKRC)
856 _uhttps://www.springer.com/journal/10455
_yClick Here to Access eJournal
942 _cEJ
999 _c34000
_d34000